I hate my bow! / (Record no. 4673)

MARC details
000 -LEADER
fixed length control field 01004pam a2200337 a 4500
001 - CONTROL NUMBER
control field 4673
003 - CONTROL NUMBER IDENTIFIER
control field FISKH
005 - DATE AND TIME OF LATEST TRANSACTION
control field 20240920080039.0
008 - FIXED-LENGTH DATA ELEMENTS--GENERAL INFORMATION
fixed length control field 940909s1995 nyua j 000 1 eng
010 ## - LIBRARY OF CONGRESS CONTROL NUMBER
LC control number 94037431
020 ## - INTERNATIONAL STANDARD BOOK NUMBER
International Standard Book Number 0590255193
020 ## - INTERNATIONAL STANDARD BOOK NUMBER
International Standard Book Number 9780590255196
040 ## - CATALOGING SOURCE
Original cataloging agency DLC
Transcribing agency DLC
Modifying agency DLC
Language of cataloging eng
050 ## - LIBRARY OF CONGRESS CALL NUMBER
Classification number PZ7.W64816
082 ## - DEWEY DECIMAL CLASSIFICATION NUMBER
Classification number 479
100 1# - MAIN ENTRY--PERSONAL NAME
Personal name Wilhelm, Hans,
Dates associated with a name 1945-
245 10 - TITLE STATEMENT
Title I hate my bow! /
Statement of responsibility, etc. by Hans Wilhelm.
260 ## - PUBLICATION, DISTRIBUTION, ETC.
Place of publication, distribution, etc. New York :
Name of publisher, distributor, etc. Scholastic,
Date of publication, distribution, etc. 1995.
300 ## - PHYSICAL DESCRIPTION
Extent 30 unnumbered pages :
Other physical details color illustrations ;
Dimensions 23 cm
440 #0 - SERIES STATEMENT/ADDED ENTRY--TITLE
Title Hello reader!
Number of part/section of a work Level l
500 ## - GENERAL NOTE
General note "Cartwheel Books"
505 ## - FORMATTED CONTENTS NOTE
Formatted contents note E<br/>
520 ## - SUMMARY, ETC.
Summary, etc. A little dog laments the fact that the other dogs won't play with him as long as he has a bath, a bow, and a chain.
521 8# - TARGET AUDIENCE NOTE
Target audience note 180<br/>
Source Lexile<br/>
521 8# - TARGET AUDIENCE NOTE
Target audience note E<br/>
Source Raz-Plus<br/>
650 #1 - SUBJECT ADDED ENTRY--TOPICAL TERM
Topical term or geographic name entry element Dogs
General subdivision Fiction.
650 #1 - SUBJECT ADDED ENTRY--TOPICAL TERM
Topical term or geographic name entry element Play
General subdivision Fiction.
906 ## - LOCAL DATA ELEMENT F, LDF (RLIN)
a 7
b cbu
c orignew
d 1
e ocip
f 19
g y-gencatlg
942 ## - ADDED ENTRY ELEMENTS (KOHA)
Source of classification or shelving scheme Dewey Decimal Classification
Koha item type Books
Suppress in OPAC No
Holdings
Withdrawn status Lost status Source of classification or shelving scheme Damaged status Not for loan Collection Home library Current library Shelving location Date acquired Total Checkouts Full call number Barcode Date last seen Price effective from Koha item type
    Dewey Decimal Classification     Juvenile Fiction Footprints International School Library Network Toul Kork Campus Footprints International School Library Network Toul Kork Campus TK Primary Library Room(4th Floor), Bookcase 7, Shelves 57-60, Dark Green Books 09/20/2024   WIL 479 PZ7.W64816 FISBK04008 09/20/2024 09/20/2024 Books